| 000 | 01210nam a22003017i 4500 | ||
|---|---|---|---|
| 999 |
_c22727 _d22727 |
||
| 003 | AR-CdUCM | ||
| 008 | 231018b20212021pe |||| |||| 001 0 spa d | ||
| 020 | _a978-612-00-6010-0 | ||
| 040 |
_aMUNICIPALIDAD PROVINCIAL DEL CUSCO _cBIBLIOTECA MUNICIPAL DEL CUSCO |
||
| 041 | _hspa | ||
| 082 |
_a348.54 / J28 _bJ28 |
||
| 100 |
_aJayo Silva, Carlos Eduardo _948952 |
||
| 245 | _aDerecho Ambiental, Comunicación Interna y Docencia / | ||
| 260 |
_aHuanchac-Cusco : _c2021. |
||
| 300 |
_a205 páginas. : _c21 cm. |
||
| 500 | _zBibliografía: páginas 206-258 | ||
| 505 | _aFuentes, características -- Principios -- Definición -- Del derecho ambiental -- Definición -- Organización -- Barreras de la comunicación -- La comunicación interna y la organización de la empresa -- Organización interna y los entornos de la empresa -- Gestión integrada | ||
| 650 |
_aDerecho ambiental _949179 |
||
| 650 |
_aDesempeño docente _912673 |
||
| 650 |
_aGestión de calidad _949180 |
||
| 650 |
_aLengua técnico _949181 |
||
| 650 |
_aBarreras _949182 |
||
| 650 |
_aComunicación _949264 |
||
| 650 |
_a Fuentes _95740 |
||
| 650 |
_aPrincipios _95198 |
||
| 942 |
_2ddc _cLIBROS |
||
| 945 |
_apebm _d2023-10-18 |
||